[Event "29th Cullera Masters 2012"]
[Site "Cullera ESP"]
[Date "2012.08.27"]
[Round "4.1"]
[White "Montoliu Cervero,F"]
[Black "Ivanov,Jo"]
[Result "1-0"]
[WhiteElo "2270"]
[BlackElo "2359"]

1.e4 c5 2.Nf3 e6 3.d4 cxd4 4.Nxd4 Nc6 5.Nc3 Qc7 6.Be3 a6 7.Qd2 Nf6 8.O-O-O Bb4
9.f3 d5 10.a3 Bd6 11.exd5 Nxd5 12.Nxd5 exd5 13.Kb1 O-O 14.f4 Re8 15.Bd3 Nxd4
16.Bxd4 Bxf4 17.Qf2 Be5 18.Rde1 Bd7 19.Rhf1 f6 20.Qh4 g6 21.Rxf6 Bxd4 22.Rxe8+ Rxe8
23.Qxd4 Bc6 24.Bxg6 Qe5 25.Qxe5 Rxe5 26.Bd3 Kg7 27.Rf4 h5 28.Rf5 Re1+ 29.Ka2 h4
30.Rf4 Rg1 31.Rg4+ Kf6 32.Kb3 a5 33.a4 Ke5 34.Kc3 Rxg2 35.Rxh4 d4+ 36.Kb3 Bd5+
37.Ka3 Rg1 38.b3 Rh1 39.Kb2 Bf3 40.Rh8 Kf4 41.Bc4 Be4 42.Rh4+ Ke3 43.Rh3+ Kf4
44.Rh5 Rg1 45.Bd5 Bg6 46.Rh4+ Ke3 47.Bxb7 d3 48.cxd3 Bxd3 49.Rh5 Rg7 50.Bc6 Rc7
51.Be8 Rc2+ 52.Ka3 Kd4 53.Rxa5 Rxh2 54.Rg5 Rh8 55.Bb5 Bc2 56.Kb4 Ra8 57.Rg7 Bf5
58.Rg5 Be6 59.Bc4 Bxc4 60.bxc4 Rb8+ 61.Rb5 Rc8 62.Rd5+ Ke4 63.a5 Ra8 64.Rd6 Ke5
65.Rb6  1-0

[Event "8th Dieppe Open A 2012"]
[Site "Dieppe FRA"]
[Date "2012.08.28"]
[Round "3.2"]
[White "Kulaots,K"]
[Black "Radovanovic,J"]
[Result "1-0"]
[WhiteElo "2558"]
[BlackElo "2341"]

1.e4 c5 2.Nf3 e6 3.d4 cxd4 4.Nxd4 Nc6 5.Nc3 d6 6.Be3 Nf6 7.Qd2 Be7 8.Be2 O-O
9.O-O-O a6 10.f4 Nd7 11.Kb1 Nxd4 12.Qxd4 b5 13.h4 Qa5 14.Bf3 b4 15.Ne2 Bb7
16.e5 d5 17.f5 Rfc8 18.fxe6 fxe6 19.Qg4 Nc5 20.Nd4 Qb6 21.Bh6 Bf8 22.h5 Qc7
23.Bf4 Re8 24.Rhf1 Rac8 25.Rf2 Qb6 26.Bg5 Na4 27.Rdf1 Rc4 28.Be3 Nc3+ 29.Ka1 Nb5
30.Be4 Nxd4 31.Bxh7+ Kxh7 32.Qg6+ Kg8 33.Qxe8 Nxc2+ 34.Rxc2 Qxe3 35.Rxf8+  1-0

[Event "40th Olympiad Open"]
[Site "Istanbul TUR"]
[Date "2012.08.28"]
[Round "1.77"]
[White "Sutovsky,E"]
[Black "Obodchuk,A"]
[Result "0-1"]
[WhiteElo "2687"]
[BlackElo "2399"]

1.e4 c5 2.Nf3 e6 3.Nc3 Nc6 4.d4 cxd4 5.Nxd4 Qc7 6.Be3 a6 7.Qd2 Nf6 8.O-O-O Bb4
9.f3 O-O 10.a3 Be7 11.g4 b5 12.g5 Ne8 13.Nf5 exf5 14.Nd5 Qb7 15.exf5 Nc7
16.Nf6+ Kh8 17.Nh5 Re8 18.f6 Bf8 19.g6 fxg6 20.fxg7+ Bxg7 21.Nxg7 Kxg7 22.Bh6+ Kg8
23.Qc3 Ne6 24.Rd6 Ncd4 25.Bd3 Qxf3 26.Rf1 Qh3 27.Bd2 Nf5 28.Rb6 Ra7 29.Re1 d6
30.Qc6 Bd7 31.Qd5 Rc7 32.Bc3 Rc5 33.Qb7 Bc8 34.Qa8 Qxh2 35.Bb4 Re5 36.Rh1 Qf2
37.Qc6 Ned4 38.Qc7 Re1+  0-1

[Event "40th Olympiad Open"]
[Site "Istanbul TUR"]
[Date "2012.08.28"]
[Round "1.13"]
[White "Averbukh,A"]
[Black "Quesada Perez,Yu"]
[Result "0-1"]
[WhiteElo "2211"]
[BlackElo "2626"]

1.e4 c5 2.Nf3 e6 3.d4 cxd4 4.Nxd4 Nc6 5.Nc3 Qc7 6.g3 a6 7.Bg2 Nf6 8.O-O d6
9.Re1 Bd7 10.a4 Be7 11.Nb3 b6 12.Be3 O-O 13.f4 Bc8 14.Qf3 Bb7 15.Qf2 Nd7
16.Rad1 Rfe8 17.g4 Rac8 18.g5 Bf8 19.Re2 g6 20.Bf3 Na5 21.Nxa5 bxa5 22.Red2 Nc5
23.h4 Qb6 24.b3 Qb4 25.Bd4 e5 26.Nd5 Bxd5 27.Bxc5 Rxc5 28.Rxd5 exf4 29.Rxc5 dxc5
30.Qd2 Qd4+ 31.Kg2 Qb2 32.Qd3 Bg7 33.Rd2 Bc3 34.Rf2 Bd4 35.Rf1 Rd8 36.Bd1 Bf6
37.Qxa6 Rd2+ 38.Rf2 Rxf2+ 39.Kxf2 Bd4+ 40.Kf1 f3 41.Qxa5 Qc1 42.Qe1 Qf4  0-1

[Event "40th Olympiad Open"]
[Site "Istanbul TUR"]
[Date "2012.08.28"]
[Round "1.16"]
[White "Kassis,A LIB"]
[Black "Korneev,O"]
[Result "1/2-1/2"]
[WhiteElo "2209"]
[BlackElo "2581"]

1.e4 c5 2.Nf3 e6 3.d4 cxd4 4.Nxd4 Nc6 5.Nc3 Qc7 6.Be3 Nf6 7.a3 a6 8.f4 d6
9.Qf3 Be7 10.O-O-O O-O 11.g4 Nxd4 12.Rxd4 e5 13.Rd2 exf4 14.Bxf4 Bxg4 15.Qg3 Be6
16.Bxd6 Bxd6 17.Qxd6 Qxd6 18.Rxd6 Rfd8 19.Rxd8+ Rxd8 20.Bg2 Ng4 21.Bf3 Ne5
22.Be2 Kf8 23.Rd1 Rxd1+ 24.Nxd1 Ke7 25.Kd2 g5 26.Ke3 Kd6 27.b3 f5 28.exf5 Bxf5
29.Kd2 Ng4 30.Bxg4 Bxg4 31.Nf2 Bf5 32.c4 h5 33.b4 g4 34.Ke3 Ke5 35.c5 h4
36.a4 g3 37.hxg3 hxg3 38.Nd1 Bc2 39.Nc3 g2 40.Kf2 Kd4 41.Ne2+ Kc4 42.b5 axb5
43.axb5 Kxc5 44.Kxg2 Bd3 45.Nf4 Bxb5 46.Kf2 Kd4 47.Ke1 Ke4 48.Ne6 b6 49.Kd2 Bc4
50.Ng5+ Kf4 51.Kc3 b5 52.Nh3+ Ke3 53.Kb4 Kd4  1/2-1/2

[Event "40th Olympiad Women"]
[Site "Istanbul TUR"]
[Date "2012.08.28"]
[Round "1.8"]
[White "Jamalia,N"]
[Black "Kursova,M"]
[Result "0-1"]
[WhiteElo "1997"]
[BlackElo "2338"]

1.e4 c5 2.Nf3 e6 3.d4 cxd4 4.Nxd4 Nc6 5.Nc3 Qc7 6.Be2 a6 7.a3 Nf6 8.O-O Be7
9.Be3 O-O 10.f4 d6 11.Bf3 Na5 12.Kh1 Nc4 13.Bc1 Re8 14.Nde2 Rb8 15.b3 Na5
16.Bb2 b5 17.Qd2 Nc6 18.Na2 Bb7 19.Rad1 Rbd8 20.Ng3 Rf8 21.Rfe1 Nb8 22.Rc1 Nbd7
23.Bc3 Qb8 24.Ba5 Rc8 25.b4 Bd8 26.Bxd8 Rfxd8 27.Qe3 Ba8 28.Be2 Nb6 29.Red1 Nc4
30.Bxc4 Rxc4 31.e5 Nd5 32.Qd2 Nxf4 33.exd6 Bxg2+  0-1

[Event "40th Olympiad Women"]
[Site "Istanbul TUR"]
[Date "2012.08.28"]
[Round "1.18"]
[White "Fong Mi Yen"]
[Black "Kochetkova,J"]
[Result "0-1"]
[WhiteElo "1885"]
[BlackElo "2305"]

1.e4 c5 2.Nf3 e6 3.d4 cxd4 4.Nxd4 Nc6 5.Nc3 Qc7 6.Be3 a6 7.Qd2 Nf6 8.f3 Bb4
9.g4 Ne5 10.g5 Nh5 11.f4 Ng4 12.Be2 Nxe3 13.Bxh5 Nc4 14.Qf2 Nxb2 15.O-O Bxc3
16.Bxf7+ Kxf7 17.f5 e5 18.g6+ Ke8 19.Ne2 Bb4 20.Qh4 Be7 21.f6 Qb6+ 22.Kh1 Bxf6
23.Qh5 h6 24.Nc3 Rf8 25.Nd5 Qd6 26.Rab1 b5 27.Rxb2 Bb7 28.c4 Rc8 29.Rd2 Bg5
30.Rdf2 Rxf2 31.Rxf2 Rxc4 32.Qf3 Bxd5 33.exd5 Rf4  0-1

[Event "40th Olympiad Women"]
[Site "Istanbul TUR"]
[Date "2012.08.29"]
[Round "2.47"]
[White "Johnson,Gabriella"]
[Black "Khan,N"]
[Result "0-1"]
[WhiteElo "1550"]
[BlackElo "2008"]

1.e4 c5 2.Nf3 e6 3.d4 cxd4 4.Nxd4 Nc6 5.Nc3 a6 6.Be3 Qc7 7.Be2 Nf6 8.Qd2 Bb4
9.Nxc6 bxc6 10.f3 O-O 11.a3 Be7 12.O-O d5 13.Rad1 Bb7 14.exd5 Nxd5 15.Nxd5 cxd5
16.f4 Rfd8 17.Bd4 Rac8 18.Bd3 Bc5 19.Qf2 a5 20.Kh1 g6 21.h3 Qb6 22.Bxc5 Qxc5
23.Qxc5 Rxc5 24.Kh2 a4 25.b4 axb3 26.cxb3 Rc3 27.Rf2 Ra8 28.Ra2 Rxb3 29.a4 Ra5
30.g4 f5 31.Bc2 Rb4 32.Re1 Kf7 33.gxf5 gxf5 34.Kg3 Ba6 35.Kh4 Rxf4+ 36.Kh5 Kf6  0-1

[Event "40th Olympiad Women"]
[Site "Istanbul TUR"]
[Date "2012.08.29"]
[Round "2.20"]
[White "Kalvyte,V"]
[Black "Kochetkova,J"]
[Result "0-1"]
[WhiteElo "2118"]
[BlackElo "2305"]

1.e4 c5 2.Nf3 e6 3.d4 cxd4 4.Nxd4 Nc6 5.Nc3 Qc7 6.Be2 a6 7.O-O b5 8.Nxc6 dxc6
9.f4 Bb7 10.Be3 Be7 11.Qe1 c5 12.Bf3 b4 13.Nb1 Nf6 14.e5 Nd5 15.c4 bxc3 16.Nxc3 O-O
17.Rc1 Rad8 18.Na4 Nxe3 19.Qxe3 Bxf3 20.Rxf3 Qa5 21.b3 Rd5 22.Qc3 Qd8 23.Qc4 Rd2
24.Nxc5 Rxa2 25.Ne4 h6 26.Rd3 Qa8 27.Rd7 Bd8 28.Qc6 Bb6+ 29.Kf1 Ra1 30.Rd6 Rc8
31.Qxc8+ Qxc8 32.Rxa1 Qc2 33.Re1 Qxb3 34.Red1 Qc4+  0-1

[Event "40th Olympiad Women"]
[Site "Istanbul TUR"]
[Date "2012.08.29"]
[Round "2.26"]
[White "Calzetta Ruiz,M"]
[Black "Sahl,S"]
[Result "1/2-1/2"]
[WhiteElo "2276"]
[BlackElo "2235"]

1.e4 c5 2.Nf3 e6 3.d4 cxd4 4.Nxd4 Nc6 5.Nc3 Qc7 6.Be2 a6 7.O-O b5 8.a3 Bb7
9.Be3 Nf6 10.Kh1 Be7 11.f4 Nxd4 12.Qxd4 O-O 13.Bf3 Rac8 14.e5 Bxf3 15.Rxf3 Ng4
16.Bg1 d5 17.exd6 Qxd6 18.Qxd6 Bxd6 19.Rd1 Bc5 20.h3 Nf6 21.Bxc5 Rxc5 22.Rd6 Ra8
23.Rfd3 Kf8 24.Rb6 Ne8 25.g3 Ke7 26.Kg2 Nc7 27.Rbd6 Nd5 28.Nxd5+ exd5 29.R6xd5 Rxc2+
30.Kf3 Rxb2 31.Rd7+ Ke8 32.Rb7 Rc8 33.Re3+ Kf8 34.Ree7 Rc3+ 35.Kg4 Rg2 36.Rxf7+ Ke8
37.Rfe7+ Kd8 38.Rf7 Rgxg3+ 39.Kf5 Rc5+ 40.Ke4 Rc4+ 41.Ke5 Ke8 42.Rbe7+ Kd8
43.Ra7 Ke8 44.Rae7+ Kd8 45.Ra7 Ke8  1/2-1/2

[Event "40th Olympiad Women"]
[Site "Istanbul TUR"]
[Date "2012.08.29"]
[Round "2.30"]
[White "Munguntuul,B"]
[Black "Corke,A"]
[Result "1-0"]
[WhiteElo "2434"]
[BlackElo "2254"]

1.e4 c5 2.Nf3 e6 3.d4 cxd4 4.Nxd4 Nc6 5.Nc3 Qc7 6.Be2 a6 7.a3 Nf6 8.O-O Nxd4
9.Qxd4 Bc5 10.Qd3 b5 11.Kh1 Bb7 12.f4 O-O 13.Bd2 Be7 14.Bf3 d6 15.Qe2 Nd7
16.Rad1 Bc6 17.Nd5 Bxd5 18.exd5 e5 19.fxe5 Nxe5 20.Be4 Qc4 21.Qe1 Rae8 22.b3 Qc8
23.Bf5 Qd8 24.Ba5 Qb8 25.Qg3 Kh8 26.Qh3 g6 27.Bd7 Nxd7 28.Qxd7 Qc8 29.Qc6 Bd8
30.Qxc8  1-0

[Event "40th Olympiad Open"]
[Site "Istanbul TUR"]
[Date "2012.08.29"]
[Round "2.43"]
[White "Kulpruethanon,Thanadon"]
[Black "Zambrana,O"]
[Result "0-1"]
[WhiteElo "2068"]
[BlackElo "2471"]

1.e4 c5 2.Nf3 e6 3.d4 cxd4 4.Nxd4 Nc6 5.Nc3 Qc7 6.Be3 a6 7.Bd3 Nf6 8.O-O Bd6
9.h3 Bf4 10.Bxf4 Qxf4 11.Nf3 O-O 12.Qc1 Qc7 13.Qe3 d6 14.Ne2 b6 15.c3 Bb7
16.Rad1 Rfe8 17.Rfe1 Rad8 18.Ned4 h6 19.Nxc6 Qxc6 20.Nd4 Qc5 21.Nb3 Qc7 22.Nd2 Nd7
23.Nf3 b5 24.Rc1 Nc5 25.Bc2 e5 26.b4 Nd7 27.Bb3 Nb6 28.Nd2 d5 29.exd5 Bxd5
30.Ne4 Qc6 31.f3 Bxb3 32.axb3 Nd5 33.Qf2 Nf4 34.Nc5 Rd6 35.Kh2 Qc8 36.Rcd1 Rg6
37.g4 h5 38.Rg1 Rh6 39.Rg3 Rd8 40.Rxd8+ Qxd8 41.Ne4 hxg4 42.fxg4 Qa8 43.Qe3 Qd5
44.g5 Rh4 45.Nf2 Ng6 46.Ng4 Qxb3 47.Nxe5 Qa2+ 48.Kh1 Qb1+ 49.Kh2 Re4 50.Qd3 Qb2+
51.Rg2 Qxg2+ 52.Kxg2 Nf4+ 53.Kf3 Nxd3 54.Kxe4 Nf2+ 55.Kd5 Nxh3 56.Nf3 Nf4+
57.Kc5 Ne2 58.Kb6 Nxc3 59.Kxa6 Kh7 60.Nd4 Kg6 61.Nxb5 Nd5 62.Ka5 Kxg5 63.Nd6 f5
64.b5 Kf4  0-1

[Event "40th Olympiad Women"]
[Site "Istanbul TUR"]
[Date "2012.08.30"]
[Round "3.1"]
[White "Hou Yifan"]
[Black "Lahno,Kateri"]
[Result "1-0"]
[WhiteElo "2599"]
[BlackElo "2542"]

1.e4 c5 2.Nf3 e6 3.d4 cxd4 4.Nxd4 Nc6 5.Nc3 Qc7 6.g3 a6 7.Bg2 Nf6 8.O-O Nxd4
9.Qxd4 Bc5 10.Qd3 d6 11.Na4 O-O 12.Nxc5 dxc5 13.Rd1 e5 14.Be3 Ng4 15.Bd2 Be6
16.Qe2 Nf6 17.a4 Rad8 18.f3 Nd7 19.Be3 Nb8 20.Qe1 a5 21.f4 f6 22.f5 Bf7 23.g4 b6
24.Qh4 Rxd1+ 25.Rxd1 Rd8 26.Re1 h6 27.Qf2 Kf8 28.h4 Ke7 29.g5 hxg5 30.hxg5 Rh8
31.Rd1 Rd8 32.Rc1 Nc6 33.c3 Rd6 34.Qh4 Qd8 35.Qh7 Rd1+ 36.Kh2 Rxc1 37.Bxc1 Qd1
38.Qxg7 Qxc1 39.Qxf6+ Kf8 40.Qh8+ Ke7 41.Qf6+ Kf8 42.Qh8+ Ke7 43.f6+ Kd7
44.Bh3+ Be6 45.Qg7+ Kd6 46.Qf8+ Kc7 47.Bxe6 Qf4+ 48.Kh3 Qf3+ 49.Kh4 Qh1+
50.Kg4 Qxe4+ 51.Kh5 Qh7+ 52.Qh6 Qe4 53.Qg7+ Kb8 54.Qf8+ Ka7 55.Qf7+ Kb8 56.Qe8+ Ka7
57.Qd7+ Kb8 58.Bd5  1-0

[Event "40th Olympiad Women"]
[Site "Istanbul TUR"]
[Date "2012.08.30"]
[Round "3.3"]
[White "Gara,T"]
[Black "Rajlich,I"]
[Result "1/2-1/2"]
[WhiteElo "2385"]
[BlackElo "2412"]

1.e4 c5 2.Nf3 e6 3.d4 cxd4 4.Nxd4 Nc6 5.Nc3 Qc7 6.Be2 a6 7.O-O Nf6 8.Be3 Bb4
9.Na4 O-O 10.c4 Be7 11.Nc3 Rd8 12.Rc1 Bc5 13.Ndb5 axb5 14.Bxc5 bxc4 15.Bd6 Qb6
16.Bxc4 Ne8 17.Ba3 d6 18.Qd2 Qd4 19.Qe2 Ne5 20.Bb3 Bd7 21.Rfd1 Qb6 22.Rd2 Rdc8
23.Kh1 Ba4 24.Bxa4 Rxa4 25.f4 Ng6 26.Qf3 Rd4 27.Qf2 e5 28.Rcd1 Nxf4 29.Rxd4 exd4
30.Qxd4 Qxd4 31.Rxd4 Rc6 32.Kg1 f6 33.Kf2 Kf7 34.g3 Ne6 35.Rd2 Ng5 36.Ke3 Ke6
37.Nb5 Kd7 38.h4 Nf7 39.Nc3 Ne5 40.Rd4 Nc4+ 41.Kd3 Nxa3 42.bxa3 Ra6 43.Rb4 Kc6
44.Rc4+ Kd7 45.Rb4 b6 46.a4 Nc7 47.Kc4 Kc6 48.Nd5 Nxd5 49.exd5+ Kc7 50.Kb3 Ra5
51.Rd4 h5 52.g4 hxg4 53.Rxg4 Rxd5 54.Rxg7+ Kc6 55.Rf7 Rf5 56.h5 Rxh5 57.Rxf6 Kc5
58.Rf3 Kd4 59.Rf4+ Kc5 60.Rc4+ Kd5 61.Rc2 Rh4 62.Rc8 Re4 63.Rb8 Kc6 64.Rc8+ Kb7
65.Rd8 Kc7 66.Ra8 d5 67.Rg8 Rc4 68.Rg6 Kb7 69.Rd6 Rd4 70.Kc3 Kc7 71.Rg6 Rxa4
72.Kb3 Rc4 73.Rh6 b5 74.Rg6 Rc6 75.Rg4 Kd6 76.a4 bxa4+ 77.Rxa4 Ke5 78.Rh4 d4
79.Rh5+ Ke4 80.Rh4+ Ke3 81.Rh3+ Ke2 82.Rh2+ Kf3 83.Rh3+ Kg4 84.Rd3 Rc3+ 85.Rxc3 dxc3
86.Kxc3  1/2-1/2

[Event "40th Olympiad Women"]
[Site "Istanbul TUR"]
[Date "2012.08.30"]
[Round "3.19"]
[White "Umudova,N"]
[Black "Frank Nielsen,M"]
[Result "1-0"]
[WhiteElo "2208"]
[BlackElo "1983"]

1.e4 c5 2.Nf3 e6 3.d4 cxd4 4.Nxd4 Nc6 5.Nc3 Qc7 6.Be3 a6 7.Qd2 Nf6 8.f3 Bb4
9.O-O-O O-O 10.g4 b5 11.g5 Ne8 12.h4 Bb7 13.a3 Be7 14.Bf4 d6 15.Nb3 Na5 16.Nxa5 Qxa5
17.Kb1 Kh8 18.h5 e5 19.Be3 f5 20.g6 f4 21.h6 gxh6 22.Rxh6 Nf6 23.Qh2 Kg7
24.Rxh7+ Nxh7 25.Qxh7+ Kf6 26.Bf2  1-0

[Event "19th Graz Open 2012"]
[Site "Graz AUT"]
[Date "2012.08.31"]
[Round "7.8"]
[White "Hrenic,M"]
[Black "Maurer,Joc"]
[Result "0-1"]
[WhiteElo "2087"]
[BlackElo "2286"]

1.e4 c5 2.Nf3 e6 3.d4 cxd4 4.Nxd4 Nc6 5.Nc3 Qc7 6.Be2 a6 7.Be3 Nf6 8.O-O Bb4
9.Nxc6 bxc6 10.Na4 Be7 11.Nb6 Rb8 12.Nxc8 Qxc8 13.Bd4 c5 14.Be5 Rb6 15.Qd3 O-O
16.b3 d6 17.Bxf6 Bxf6 18.Rad1 Rd8 19.Qf3 a5 20.Bc4 a4 21.Rd2 Qa8 22.Rfd1 Qa5
23.Rd3 axb3 24.axb3 Qa2 25.c3 Qa8 26.Qe3 Rbb8 27.f4 h6 28.h3 Qc6 29.R3d2 Ra8
30.f5 Bg5 31.Qf3 Bxd2 32.Rxd2 Ra1+ 33.Kh2 exf5 34.Qxf5 Qd7 35.Qf4 Qe7 36.Rd5 Re1
37.Rf5 Rxe4 38.Bxf7+ Kh8 39.Qf3 Rf8 40.Qh5 Re5 41.Rxe5 Qxe5+ 42.Qxe5 dxe5
43.Bg6 Rf4 44.Kg3 Kg8 45.Bd3 Kf8 46.Kh2 Ke7 47.Kg1 Kd6 48.Be2 Kd5 49.Bf3+ e4
50.Be2 g5 51.Bc4+ Ke5 52.Be2 Rf8 53.b4 cxb4 54.cxb4 Kd4 55.Ba6 e3 56.Bb7 e2  0-1

[Event "11th Istanbul Open A"]
[Site "Istanbul TUR"]
[Date "2012.08.31"]
[Round "2"]
[White "Zengin,S"]
[Black "Bruno,Fabi"]
[Result "0-1"]
[WhiteElo "2090"]
[BlackElo "2431"]

1.e4 c5 2.Nf3 e6 3.d4 cxd4 4.Nxd4 Nc6 5.Nc3 Qc7 6.Be3 Nf6 7.f4 d6 8.Qf3 a6
9.g4 Nxd4 10.Bxd4 e5 11.fxe5 dxe5 12.Qg3 Bd6 13.Be3 Bxg4 14.h3 Bb4 15.Bd3 Bxc3+
16.bxc3 Qxc3+ 17.Kf2 Bh5 18.Qxg7 Ke7 19.Rab1 b5 20.Bg5 Qc6 21.a4 Qb6+ 22.Ke1 Rhg8
23.Qxf6+ Qxf6 24.Bxf6+ Kxf6 25.axb5 axb5 26.Rf1+ Ke6 27.Rxb5 Ra1+ 28.Kf2 Rxf1+
29.Bxf1 Rc8 30.c4 Bg6 31.Ke3 Ra8 32.Rb6+ Kd7 33.c5 Ra3+ 34.Kd2 Bxe4 35.Bb5+ Ke7
36.h4 f5 37.Bc4 Kd7 38.Bb5+ Kc8 39.Rf6 Ra5 40.Rf8+ Kc7 41.Rf7+ Kd8 42.Rf8+ Ke7
43.Rb8 Ra8 44.Rb6 Rc8 45.Rh6 Rxc5 46.Rxh7+ Kf6 47.Be8 Rc2+ 48.Ke1 Rh2 49.Rh6+ Ke7
50.Bb5 Bf3 51.Bc4 e4 52.Re6+ Kd7 53.Re5 Bg4 54.h5 Kd6 55.Rd5+ Kc6 56.h6 e3
57.Re5 Rh1+  0-1

[Event "40th Olympiad Open"]
[Site "Istanbul TUR"]
[Date "2012.08.31"]
[Round "4.12"]
[White "Stojanovic,Da"]
[Black "Perunovic,Mil"]
[Result "1/2-1/2"]
[WhiteElo "2495"]
[BlackElo "2614"]

1.e4 c5 2.Nf3 e6 3.d4 cxd4 4.Nxd4 Nc6 5.Nc3 Qc7 6.Be3 a6 7.f4 b5 8.Be2 Bb7
9.Bf3 Nxd4 10.Qxd4 Rc8 11.O-O h5 12.Rad1 Nf6 13.h3 h4 14.Rf2 Bc5 15.Qd3 Bxe3
16.Qxe3 Qc5 17.Qd4 Qxd4 18.Rxd4 Nh5 19.a4 Bc6 20.axb5 axb5 21.e5 Ng3 22.Bxc6 dxc6
23.Ne4 Ra8 24.Rfd2 O-O 25.Kf2 Ra2 26.b3 f6 27.exf6 Nxe4+ 28.Rxe4 Rxf6 29.Ke3 Kf7
30.Re5 Ke7 31.Rg5 Rf7 32.Rh5 Rf5 33.Rxf5 exf5 34.Kd4 Kd6 35.Kc3+ Kc7 36.Re2 Kd6  1/2-1/2

[Event "World Youth U16 Olympiad 2012"]
[Site "Istanbul TUR"]
[Date "2012.08.31"]
[Round "4.19"]
[White "Torosyan,N"]
[Black "Sadikhov,U"]
[Result "1-0"]
[WhiteElo "2188"]
[BlackElo "2171"]

1.e4 c5 2.Nf3 Nc6 3.Nc3 e6 4.d4 cxd4 5.Nxd4 a6 6.Nxc6 bxc6 7.Bd3 d6 8.O-O Nf6
9.Be3 Be7 10.f4 Nd7 11.Qf3 e5 12.Bc4 Bf6 13.Rad1 Qe7 14.f5 O-O 15.Rd2 Rd8
16.Rfd1 Nf8 17.Bc5 Bxf5 18.exf5 dxc5 19.Qxc6 Rxd2 20.Rxd2 Bg5 21.Nd5 Qe8
22.Qxe8 Rxe8 23.Rd1 a5 24.g3 h5 25.h4 Bh6 26.Kf2 e4 27.Ne3 g6 28.Rd5 Rc8
29.fxg6 Nxg6 30.Rxh5 Bg7 31.b3 Ne5 32.Bd5 Rd8 33.Ke2 Re8 34.Rf5 Re7 35.Rf4 Nf3
36.Rxe4 Nd4+ 37.Kf2 Rxe4 38.Bxe4 Nb5 39.Bd3 Nc3 40.a4 Be5 41.Kf3 Kg7 42.g4 Nb1
43.g5 Nd2+ 44.Kg4 f6 45.g6  1-0

[Event "40th Olympiad Open"]
[Site "Istanbul TUR"]
[Date "2012.08.31"]
[Round "4.37"]
[White "Hautot,S"]
[Black "Morrison,G SCO"]
[Result "1/2-1/2"]
[WhiteElo "2375"]
[BlackElo "2360"]

1.e4 c5 2.Nf3 e6 3.d4 cxd4 4.Nxd4 Nc6 5.Nc3 d6 6.Be3 Nf6 7.Be2 Be7 8.O-O O-O
9.f4 a6 10.Kh1 Bd7 11.a4 Nxd4 12.Qxd4 Bc6 13.a5 Rc8 14.Bf3 Nd7 15.Qd2 Re8
16.Na4 Nc5 17.Nb6 Rc7 18.Qd4 e5 19.fxe5 dxe5 20.Qxd8 Rxd8 21.Nd5 Bxd5 22.exd5 e4
23.Bxc5 exf3 24.Bxe7 Rxe7 25.c4 Re2 26.gxf3 Rxb2 27.Rab1 Rc2 28.Rfc1 Rxc1+
29.Rxc1 Kf8 30.Kg2 Rc8 31.c5 Ke7 32.Kg3 Kd7 33.Kf4 Re8 34.Rb1 Kc8 35.Rb6 Re2
36.c6 bxc6 37.Rxc6+ Kd7 38.h3 f6 39.Rxa6 Re5 40.Ra7+ Kd6 41.Rxg7 Rxd5 42.a6 h5
43.a7 Ra5 44.Rb7 Ke6 45.Kg3 Ra4 46.Rh7 h4+ 47.Kf2 Ra3 48.Rxh4 Rxa7 49.Kg3 Kf5
50.Rh5+ Kg6 51.Rb5 Ra1 52.Rb8 Kf5 53.Rb5+ Kg6 54.h4 Rh1 55.Ra5 Rg1+ 56.Kh2 Rb1
57.h5+ Kh6 58.Kg3 Rh1 59.Kg4 Rg1+ 60.Kf4 Rh1 61.Ra6 Rxh5 62.Rxf6+ Kg7 63.Ra6 Rb5
64.Kg4 Kf7 65.f4 Rc5 66.Ra7+ Kf6 67.Ra4 Rb5 68.Ra6+ Kf7 69.Ra8 Rc5 70.Kf3 Rb5
71.Ke4 Rc5 72.Ra7+ Kf6 73.Ra6+ Kf7 74.Ra3 Kf6 75.Kd4 Rb5 76.Ke4 Rb4+ 77.Ke3 Rb5
78.Kf3 Rc5 79.Kg4 Rb5 80.Ra6+ Kf7 81.f5 Rb1 82.Ra7+  1/2-1/2

[Event "40th Olympiad Open"]
[Site "Istanbul TUR"]
[Date "2012.09.01"]
[Round "5.44"]
[White "Almedina Ortiz,E"]
[Black "Nassr,A"]
[Result "1-0"]
[WhiteElo "2247"]
[BlackElo "2030"]

1.e4 c5 2.Nf3 e6 3.d4 cxd4 4.Nxd4 Nc6 5.Nc3 Qc7 6.Be2 a6 7.O-O Nf6 8.Be3 Be7
9.f4 d6 10.a4 O-O 11.Kh1 Bd7 12.Nb3 Na5 13.Nd2 Rab8 14.Bd3 g6 15.Qe2 Ne8
16.f5 Bf6 17.Ra3 Bg7 18.g4 h6 19.fxg6 fxg6 20.Rxf8+ Kxf8 21.Qf2+ Kg8 22.Bb6 Qc6
23.Bxa5 b6 24.Rb3 Nf6 25.h3  1-0

[Event "40th Olympiad Open"]
[Site "Istanbul TUR"]
[Date "2012.09.01"]
[Round "5.36"]
[White "Dastan,B"]
[Black "Jeitz,C"]
[Result "1-0"]
[WhiteElo "2317"]
[BlackElo "2212"]

1.e4 c5 2.Nf3 Nc6 3.d4 cxd4 4.Nxd4 e6 5.Nc3 a6 6.Be3 Nf6 7.f4 Bb4 8.Nxc6 bxc6
9.Bd3 d5 10.Bd2 Bxc3 11.Bxc3 dxe4 12.Bxf6 Qxf6 13.Bxe4 Bd7 14.O-O Qe7 15.Qd3 f5
16.Bf3 O-O 17.Rad1 Rf7 18.Rfe1 Qb4 19.Qd4 Rb8 20.b3 c5 21.Qe5 Re8 22.Re3 Rfe7
23.Bh5 Rf8 24.Qd6 Rff7 25.Bxf7+ Kxf7 26.Rg3 Ke8 27.Re3 a5 28.Qc7 Qb5 29.Re5 a4
30.c4  1-0

[Event "World Youth U16 Olympiad 2012"]
[Site "Istanbul TUR"]
[Date "2012.09.01"]
[Round "6.11"]
[White "Vucinic,G"]
[Black "Svitojus,Z"]
[Result "1/2-1/2"]
[WhiteElo "2237"]
[BlackElo "2002"]

1.e4 c5 2.Nf3 e6 3.d4 cxd4 4.Nxd4 Nc6 5.Nc3 Qc7 6.Be3 a6 7.Qd2 Nf6 8.O-O-O Bb4
9.f3 O-O 10.Kb1 Ne5 11.Nb3 Be7 12.Qf2 b5 13.Bb6 Qb8 14.Bd4 d6 15.g4 Bb7 16.g5 Nh5
17.f4 Ng6 18.f5 exf5 19.Qxf5 Nhf4 20.Nd5 Nxd5 21.exd5 Bc8 22.Qf3 Bxg5 23.h4 Bh6
24.Bd3 Ne5 25.Bxe5 dxe5 26.d6 Bb7 27.Be4 Bxe4 28.Qxe4 Bf4 29.Na5 Qd8 30.Nc6 Qd7
31.Nxe5 Bxe5 32.Qxe5 Rfe8 33.Qd4 Rac8 34.Rhg1 g6 35.h5 Re6 36.h6 f6 37.Rge1 Rce8
38.Qd5 Kf8 39.Rxe6 Rxe6 40.Qc5 Re8 41.b3 Kf7 42.Qd5+ Kf8 43.Rf1 Re6 44.Qa8+ Qe8  1/2-1/2

[Event "3rd Oliver Gonzalez Mem Open A"]
[Site "Madrid ESP"]
[Date "2012.09.01"]
[Round "1.15"]
[White "Meszaros,T"]
[Black "Anton Veiga,J"]
[Result "1-0"]
[WhiteElo "2428"]
[BlackElo "2126"]

1.e4 c5 2.Nf3 e6 3.d4 cxd4 4.Nxd4 Nc6 5.Nc3 a6 6.Be3 Nge7 7.Nb3 b5 8.a4 b4
9.a5 Ng6 10.Na4 d6 11.Nb6 Rb8 12.Nxc8 Qxc8 13.f4 Be7 14.Bd3 Bf6 15.Ra2 O-O
16.O-O Bd8 17.Qe2 Ra8 18.Qh5 Nge7 19.Rf3 g6 20.Qh6 f5 21.Ra1 fxe4 22.Rh3 Rf7
23.Bxe4 Nf5 24.Bxf5 exf5 25.Rd1 Qe6 26.Bf2 Bf6 27.Rhd3 Bg7 28.Qh3 Bf8 29.Nd4 Nxd4
30.Rxd4 Rc8 31.Qd3 Rfc7 32.Re1 Qa2 33.Rxb4 Rxc2 34.Qxa6 Rc1 35.Qe2 Bg7 36.a6 R1c2
37.Qe6+ Qxe6 38.Rxe6 Bxb2 39.a7 Rc1+ 40.Re1 Rxe1+ 41.Bxe1 Ba3 42.Rb8  1-0

[Event "14th Trieste Open A"]
[Site "Trieste ITA"]
[Date "2012.09.02"]
[Round "3"]
[White "Oparin,G"]
[Black "Jovanic,O"]
[Result "0-1"]
[WhiteElo "2490"]
[BlackElo "2511"]

1.e4 c5 2.Nf3 e6 3.d4 cxd4 4.Nxd4 Nc6 5.Nc3 Qc7 6.Be2 Nf6 7.O-O Be7 8.Be3 O-O
9.f4 d6 10.Kh1 Nxd4 11.Qxd4 b6 12.Bf3 Bb7 13.Rad1 Rfd8 14.Qd3 Rac8 15.Rf2 d5
16.e5 Ne4 17.Bxe4 dxe4 18.Qf1 Bc5 19.Qe1 Bxe3 20.Qxe3 Qxc3  0-1

[Event "40th Olympiad Women"]
[Site "Istanbul TUR"]
[Date "2012.09.03"]
[Round "6.17"]
[White "Martinez,Ay"]
[Black "Kursova,M"]
[Result "0-1"]
[WhiteElo "2095"]
[BlackElo "2338"]

1.e4 c5 2.Nf3 e6 3.d4 cxd4 4.Nxd4 Nc6 5.Nc3 Qc7 6.Nxc6 bxc6 7.Bd3 Nf6 8.O-O Be7
9.Qe2 d5 10.b3 O-O 11.Bb2 a5 12.Na4 dxe4 13.Bxe4 Nxe4 14.Qxe4 Ba6 15.c4 Rad8
16.Rad1 c5 17.Rde1 Bb7 18.Qg4 g6 19.Re3 Qc6 20.Rg3 Qe4 21.Qh5 Qf4 22.Rg4 Qf5
23.Qh6 e5 24.h3 Rd3 25.Ba3 Rc8 26.Bb2 Rc7 27.f4 Bf8 28.Qh4 e4 29.Rg5 Qd7
30.Rh5 f6 31.Rxc5 Rxc5 32.Qxf6 Rh5 33.Qh8+ Kf7 34.Qf6+ Kg8 35.Qh8+ Kf7 36.Qf6+ Ke8
37.Re1 Rf5 38.Qb6 Qc6 39.Qf2 Kf7 40.Bc1 Bb4 41.Rf1 e3 42.Qe2 Qe4 43.Nb2 Rd8  0-1

[Event "40th Olympiad Women"]
[Site "Istanbul TUR"]
[Date "2012.09.03"]
[Round "6.11"]
[White "Saduakassova,D"]
[Black "Haast,A"]
[Result "1/2-1/2"]
[WhiteElo "2216"]
[BlackElo "2235"]

1.e4 c5 2.Nf3 e6 3.d4 cxd4 4.Nxd4 Nc6 5.Nc3 Qc7 6.Be2 a6 7.O-O Nf6 8.Be3 Bb4
9.Na4 O-O 10.c4 Be7 11.Nc3 d6 12.Rc1 Nxd4 13.Bxd4 Nd7 14.Qd2 b6 15.Rfd1 Bb7
16.b4 Rac8 17.f3 Qb8 18.Qb2 Rfe8 19.Na4 Bf8 20.Bf2 d5 21.exd5 exd5 22.c5 bxc5
23.bxc5 Bc6 24.Nb6 Ba4 25.Rd2 Nxb6 26.cxb6 Rxc1+ 27.Qxc1 Bb4 28.Rd4 Qxb6
29.Re4 Qd6 30.Rxe8+ Bxe8 31.Qc8 Qc6 32.Qxc6 Bxc6 33.Bxa6 f6 34.Bd4 Kf7 35.Kf2 Ke7
36.Bd3 h6 37.Ke3 Kd6 38.Bc2 Ba3 39.h4 Bb5 40.Bb3 Bf1 41.g4 Ba6 42.Kd2 Bb4+
43.Ke3 Ba3 44.Kd2  1/2-1/2

[Event "40th Olympiad Women"]
[Site "Istanbul TUR"]
[Date "2012.09.03"]
[Round "6.2"]
[White "Manakova,M"]
[Black "Rajlich,I"]
[Result "0-1"]
[WhiteElo "2304"]
[BlackElo "2412"]

1.e4 c5 2.Nf3 e6 3.d4 cxd4 4.Nxd4 Nc6 5.Nc3 Qc7 6.Be2 a6 7.Be3 Nf6 8.O-O Bb4
9.Nxc6 Bxc3 10.bxc3 Qxc6 11.f3 e5 12.c4 O-O 13.Rb1 d6 14.Rb6 Qa4 15.Qb1 Be6
16.Rxb7 Rfc8 17.Qb3 Qc6 18.Rb6 Qc7 19.Rb7 Qc6 20.Rd1 Ne8 21.Rd5 h6 22.a4 Rc7
23.Rxc7 Qxc7 24.Bb6 Qb7 25.Rd2 Rc8 26.Qb4 Qc6 27.c5 dxc5 28.Qa5 c4 29.Rd8 Rxd8
30.Bxd8 Nf6 31.Bb6 Nd7 32.Be3 Kh7 33.Kf2 f6 34.c3 f5 35.exf5 Bxf5 36.Qb4 Be6
37.a5 Bd5 38.Bd1 Qf6 39.Bc2+ Kh8 40.Kg1 Qh4 41.Bd2 Qf6 42.Be3 Qe6 43.Qb1 Qc6
44.Bf5 Bg8 45.Qb4 Nf6 46.Qb6 Qa4 47.Bxh6 Qa1+ 48.Kf2 Qxc3 49.Qxa6 Qb2+ 50.Kf1 Qa1+
51.Kf2 Qb2+ 52.Kf1 e4 53.Bf4 Qb1+ 54.Kf2 e3+ 55.Bxe3 Qxf5 56.Bd4 Qc2+ 57.Kg3 Qg6+
58.Kh3 Qh6+  0-1

[Event "World Youth U16 Olympiad 2012"]
[Site "Istanbul TUR"]
[Date "2012.09.03"]
[Round "7.1"]
[White "Eliseev,U"]
[Black "Izzat,Kanan"]
[Result "1-0"]
[WhiteElo "2480"]
[BlackElo "2326"]

1.e4 c5 2.Nf3 e6 3.d4 cxd4 4.Nxd4 Nc6 5.Nc3 Qc7 6.Be3 a6 7.Qd2 Nf6 8.f3 Bb4
9.a3 Be7 10.g4 O-O 11.O-O-O b5 12.h4 Ne5 13.h5 Ne8 14.g5 b4 15.axb4 Bxb4
16.g6 fxg6 17.hxg6 Nxg6 18.Bd3 Rb8 19.Rxh7 Qxc3 20.Qg2 Ba3 21.bxa3 Nf4 22.Bxf4 Rxf4
23.Qg6 Qxa3+ 24.Kd2 Rf6 25.Qxe8+ Rf8 26.Qh5  1-0